Practical forensic psychiatry (Record no. 131)

MARC details
000 -LEADER
fixed length control field 00536nam a22001937a 4500
003 - CONTROL NUMBER IDENTIFIER
control field OSt
005 - DATE AND TIME OF LATEST TRANSACTION
control field 20140704182024.0
008 - FIXED-LENGTH DATA ELEMENTS--GENERAL INFORMATION
fixed length control field 140704b xxu||||| |||| 00| 0 eng d
020 ## - INTERNATIONAL STANDARD BOOK NUMBER
International Standard Book Number 9781444120639
040 ## - CATALOGING SOURCE
Transcribing agency DNLM
082 ## - DEWEY DECIMAL CLASSIFICATION NUMBER
Classification number WM100 P881t 2011
Item number P
245 ## - TITLE STATEMENT
Title Practical forensic psychiatry
260 ## - PUBLICATION, DISTRIBUTION, ETC. (IMPRINT)
Place of publication, distribution, etc. Great Britain:
Name of publisher, distributor, etc. Arnold,
Date of publication, distribution, etc. 2011.
300 ## - PHYSICAL DESCRIPTION
Extent x,294p;
Other physical details ill
Dimensions 23.5cm
504 ## - BIBLIOGRAPHY, ETC. NOTE
Bibliography, etc References, index included
650 ## - SUBJECT ADDED ENTRY--TOPICAL TERM
Topical term or geographic name as entry element Psychiatry
9 (RLIN) 351
700 ## - ADDED ENTRY--PERSONAL NAME
Personal name Edited by Clark Tom, Rooprai Dharjinder Singh
9 (RLIN) 352
942 ## - ADDED ENTRY ELEMENTS (KOHA)
Source of classification or shelving scheme Other/Generic Classification Scheme
Koha item type Open Shelf
Holdings
Withdrawn status Lost status Source of classification or shelving scheme Damaged status Not for loan Home library Current library Date acquired Source of acquisition Inventory number Total Checkouts Full call number Barcode Date last seen Price effective from Koha item type
    Other/Generic Classification Scheme     MUST Main Library MUST Main Library 04/07/2014   14/37601   WM100 P881t 2011 P 2014-0208 04/07/2014 04/07/2014 Open Shelf
    Other/Generic Classification Scheme     MUST Main Library MUST Main Library 04/07/2014   14/37602   WM100 P881t 2011 P 2014-0209 04/07/2014 04/07/2014 Open Shelf
    Other/Generic Classification Scheme     MUST Main Library MUST Main Library 04/07/2014   14/37603   WM100 P881t 2011 P 2014-0210 04/07/2014 04/07/2014 Open Shelf